| 000 | 00546nam a2200205Ia 4500 | ||
|---|---|---|---|
| 003 | 0100 | ||
| 008 | 130227s9999 xx 000 0 und d | ||
| 040 | _cARRUPELIB | ||
| 050 | _aJC571.S75 | ||
| 100 | _aSpencer, Herbert | ||
| 245 | 4 | _aThe man versus the state | |
| 245 | _bwith six essays on government, society and freedom | ||
| 260 | _aIndianapolis | ||
| 260 | _bLiberty Classics | ||
| 260 | _C1981 | ||
| 300 | _a530p. | ||
| 300 | _b 23 cm | ||
| 650 | _bGold mines and mining - South Africa - Free State - History | ||
| 942 |
_2lcc _01 |
||
| 999 |
_c1874 _d1874 |
||